| 000 | 00953cam a22002653a 4500 | ||
|---|---|---|---|
| 001 | 31910 | ||
| 003 | PGUSA | ||
| 005 | 20140828083706.0 | ||
| 008 | 100407s2010||||xxu|||||s|||||000 | eng d | ||
| 040 |
_aPGUSA _beng |
||
| 042 | _adc | ||
| 050 | 4 | _aDS | |
| 100 | 1 |
_aShipp, John, _d1784-1834 |
|
| 245 | 1 | 0 |
_aMemoirs of the Extraordinary Military Career of John Shipp : _bLate a Lieut. in His Majesty's 87th Regiment _h[electronic resource] / _cJohn Shipp |
| 260 |
_bProject Gutenberg, _c2010 |
||
| 506 | _aPublic domain in the USA. | ||
| 516 | _aElectronic text | ||
| 653 | _aShipp, John, 1784-1834 | ||
| 653 | _aIndia -- History -- British occupation, 1765-1947 -- Biography | ||
| 700 | 1 | _aChichester, Henry Manners | |
| 740 | 0 | _aMemoirs of the Extraordinary Military Career of John Shipp Late a Lieutenant in His Majesty's 87th Regiment | |
| 830 | 0 |
_aProject Gutenberg _v31910 |
|
| 856 | 4 | 0 | _uhttp://www.gutenberg.org/ebooks/31910 |
| 942 | _cEB | ||
| 999 |
_c261165 _d261165 |
||